Nghiên cứu độc tính cấp và ảnh hưởng của thung dung (Cistanche deserticola Y. G. Ma) tới tình trạng chung và các chỉ số huyết học trên động vật thực nghiệm /

Uloženo v:
Podrobná bibliografie
Hlavní autor: Trần Thanh Tùng.
Další autoři: Nguyễn Trần Thị Giáng Hương.
Médium: Článek
Jazyk:Vietnamese
Témata:
Tagy: Přidat tag
Žádné tagy, Buďte první, kdo otaguje tento záznam!
Thư viện lưu trữ: Thư viện Trường Đại học Đà Lạt
LEADER 00981nam a2200277 4500
001 DLU100110902
005 ##20100820
040 # # |a DLU  |b vie 
041 # # |a vie 
044 # # |a vn 
100 # # |a Trần Thanh Tùng. 
245 # # |a Nghiên cứu độc tính cấp và ảnh hưởng của thung dung (Cistanche deserticola Y. G. Ma) tới tình trạng chung và các chỉ số huyết học trên động vật thực nghiệm /  |c Trần Thanh Tùng, Nguyễn Trần Thị Giáng Hương. 
653 # # |a  Bệnh nam giới 
653 # # |a Sinh lí 
653 # # |a Sinh sản 
700 # # |a Nguyễn Trần Thị Giáng Hương. 
773 # # |t Tạp chí Dược học  |g Số 6(386), 2008, tr. 33-36 
920 # # |a Phòng Tạp chí -- Trung tâm Thông tin - Thư viện Trường Đại học Đà Lạt 
994 # # |a DLU 
900 # # |a True 
911 # # |a Nguyễn Thị Linh Chi 
925 # # |a G 
926 # # |a A 
927 # # |a BB 
980 # # |a Thư viện Trường Đại học Đà Lạt